=LDR 00000nam 2200000 4500 =001 INLIS000000000048822 =005 20170110111147.0 =006 =007 =008 =020 ##$$a 978-979-29-4252-1 =035 ##$$0010-011700000000103 =082 ##$$2 22 $a 790.13 =084 ##$$a 790.13 Imp t =100 ##$$a Imperial Jathee =245 ##$$a 13 Mantra menulis Fiksi $c Imperial Jathee ; editor Th. Arie Prabawati =260 ##$$a Yogyakarta $b Andi $c 2014 =300 ##$$a x, 150 hlm. $c 19 cm. =500 ##$$a Bibliografi : hlm. 139 - 140 =650 ##$$a Hobi =700 ##$$a Th. Arie Prabawati =850 ##$$a NBPDMAT